| 000 | 00745pam a2200205 a 4500 | ||
|---|---|---|---|
| 020 | _a0898744075 | ||
| 082 | 0 | 0 |
_a625.8 _bORG _cL-18, P-21 |
| 100 | 1 |
_aOrganization of economics cooperation _943785 |
|
| 245 | 1 | 0 | _aRoad transport research Pavement management systems |
| 260 |
_aParis : _bOECD,: _c1987 |
||
| 300 |
_axvi, 160 p. : _bill. ; _c24 cm. |
||
| 500 | _aReprint. Originally published: New York : McGraw-Hill, 1978. | ||
| 526 |
_a0 _b0 _c0 _d625_800000000000000_ORG |
||
| 526 |
_a0 _b0 _c0 _d625_800000000000000_ORG |
||
| 650 | 0 |
_aMCE _9379 |
|
| 650 | 0 |
_aPavements _xDesign and construction _xManagement. _943786 |
|
| 650 | 0 |
_aPavements _xMaintenance and repair _xManagement. _921695 |
|
| 700 | 1 |
_aHudson, W. Ronald. _943787 |
|
| 942 |
_2ddc _cBK |
||
| 999 |
_c547643 _d547643 |
||